| 000 | 01257nam0a2200349 4500 | ||
|---|---|---|---|
| 001 | RU\NLR\bibl\149828 | ||
| 005 | 20260406150626.0 | ||
| 010 |
_a5-04-005369-X _bВ пер. _97000 |
||
| 021 |
_aRU _b2000-48838 _92248 |
||
| 035 | _a(NLR Aleph) 000146853 | ||
| 090 |
_a841899 _c841899 |
||
| 100 | _a20010320d2000 |||y0rusy50 ca | ||
| 101 | 0 | _arus | |
| 102 | _aRU | ||
| 105 | _aa ||||||||| | ||
| 200 | 1 |
_aХрустальный остров _e[Сказоч. повесть _eДля детей] _fСергей Сухинов _g[Худож. А. Воробьев] |
|
| 210 |
_aМ. _cЭКСМО-пресс _d2000 |
||
| 215 |
_a125,[2] с., [4] л. цв. ил. _cил. _d22 |
||
| 225 | 1 | _aСказки Изумрудного города | |
| 610 | 0 | _aСказки русские (д. л.) | |
| 675 |
_a821.161.1-93Сухинов _v3 _zrus |
||
| 686 |
_a17.82.93 _2rugasnti |
||
| 686 |
_a84(2Рос=Рус)6-44 _2rubbk |
||
| 686 | _aШ9(2)62=Р7-4 | ||
| 700 | 1 |
_4070 _8rus _7ca _aСухинов _bС. С. _f1950- _gСергей Стефанович _3RU\NLR\auth\775099 _9115068 |
|
| 801 | 0 |
_aRU _bRKP _c20010320 _gPSBO |
|
| 801 | 1 |
_aRU _bRKP _c20010320 |
|
| 801 | 2 |
_aRU _bNLR _c20060525 _grcr |
|
| 942 | _cBOOK | ||
| 980 | _aNB | ||